[Event "TCh-RUS"]
[Site "Togliatti RUS"]
[Date "2003.05.20"]
[Round "5"]
[White "Ovetchkin,R"]
[Black "Kobalia,M"]
[Result "0-1"]
[WhiteElo "2535"]
[BlackElo "2639"]

1.e4 c5 2.Nf3 d6 3.Bb5+ Bd7 4.Bxd7+ Qxd7 5.O-O Nc6 6.Qe2 Nf6 7.Rd1 Rc8 8.c3 e6
9.d4 cxd4 10.Bg5 Be7 11.cxd4 h6 12.Bxf6 Bxf6 13.Nc3 O-O 14.d5 Ne5 15.Nd4 a6
16.a4 Rc4 17.dxe6 fxe6 18.Nc2 Rc6 19.Ne3 Qc7 20.Rac1 Qb6 21.Rc2 Bh4 22.Rf1 Bg5
23.Ned1 Qb3 24.f3 Rcc8 25.Qf2 Nd3 26.Qe2 Nb4 27.Rd2 Bxd2 28.Qxd2 d5 29.exd5 Nxd5
30.Qe2 Nf4 31.Qe4 Rcd8 32.g3 Nd3 33.Qe2 Nc5 34.Nf2 Nxa4 35.Nxa4 Qxa4 36.Qxe6+ Kh8
37.Ne4 Qd4+ 38.Rf2  0-1

[Event "ch-RUS w"]
[Site "Elista RUS"]
[Date "2003.05.21"]
[Round "4"]
[White "Ubiennykh,E"]
[Black "Chistiakova,T"]
[Result "1/2-1/2"]
[WhiteElo "2293"]
[BlackElo "2341"]

1.e4 c5 2.Nf3 d6 3.Bb5+ Bd7 4.Bxd7+ Nxd7 5.O-O Ngf6 6.Qe2 e6 7.b3 Be7 8.Bb2 O-O
9.c4 a6 10.d4 cxd4 11.Nxd4 Qa5 12.Nc3 Ne5 13.f4 Nc6 14.Nxc6 bxc6 15.Rad1 Rfd8
16.Rd3 d5 17.exd5 cxd5 18.cxd5 Nxd5 19.Nxd5 Rxd5 20.Rxd5 Qxd5 21.Rd1 Qf5
22.Qe5 Qxe5 23.Bxe5 Rc8 24.Rd7 Kf8 25.Bxg7+  1/2-1/2

[Event "TCh-RUS"]
[Site "Togliatti RUS"]
[Date "2003.05.21"]
[Round "6"]
[White "Kovalevskaya,E"]
[Black "Nevostrujev,V"]
[Result "1-0"]
[WhiteElo "2447"]
[BlackElo "2528"]

1.e4 c5 2.Nf3 d6 3.Bb5+ Bd7 4.Bxd7+ Qxd7 5.c4 Nc6 6.Nc3 Nf6 7.O-O e6 8.d4 cxd4
9.Nxd4 Be7 10.b3 O-O 11.Bb2 a6 12.Nxc6 Qxc6 13.Qe2 Rfc8 14.Rac1 b6 15.Kh1 Qb7
16.f4 Nd7 17.e5 dxe5 18.fxe5 Nf8 19.Ne4 Ng6 20.Rxf7 Rf8 21.Rcf1 Rxf7 22.Rxf7 Rd8
23.Rf1 Nh4 24.Nd6 Bxd6 25.exd6 Rxd6 26.Ba3 Rd8 27.Qxe6+ Kh8 28.Qd5 Qxd5 29.cxd5 Ng6
30.d6 Kg8 31.g3 Ne5 32.Re1 Nd3 33.Re7 Nc5 34.b4 Nd7 35.Bb2  1-0

[Event "22nd Mitropa Cup"]
[Site "Pula CRO"]
[Date "2003.05.23"]
[Round "7"]
[White "Sedina,E"]
[Black "Neumann,P CZE"]
[Result "1/2-1/2"]
[WhiteElo "2434"]
[BlackElo "2445"]

1.e4 c5 2.Nf3 d6 3.Bb5+ Bd7 4.Bxd7+ Qxd7 5.O-O Nc6 6.c3 Nf6 7.d4 Nxe4 8.d5 Ne5
9.Re1 Nf6 10.Nxe5 dxe5 11.Rxe5 g6 12.c4 Bg7 13.Nc3 O-O 14.Re1 Ne8 15.Bg5 Bf6
16.Qd2 Nd6 17.Bxf6 exf6 18.Ne4 Nxe4 19.Rxe4 Rfe8 20.Rae1 Rxe4 21.Rxe4 Rd8
22.Qe3 Qa4 23.g3 Kg7 24.a3 Qc2 25.b3 b5 26.Kg2 bxc4 27.Rxc4 Qd1 28.Rxc5 Rxd5
29.Rxd5 Qxd5+ 30.Qf3 Qd4 31.b4 h5 32.h4 Qc4 33.Qe3 a6 34.Qc5 Qe4+ 35.Kh2 f5
36.Qc3+ Kh7 37.Qf6 Qc4 38.a4 Qa2 39.Kg2 Qxa4 40.Qxf7+ Kh6 41.Qf8+ Kh7 42.Kg1 Qc6  1/2-1/2

[Event "1/4 Coupe de France"]
[Site "Senat FRA"]
[Date "2003.05.24"]
[Round "1"]
[White "Degraeve,JM"]
[Black "Sarthou,G"]
[Result "1-0"]
[WhiteElo "2550"]
[BlackElo "2375"]

1.e4 c5 2.Nf3 d6 3.Bb5+ Bd7 4.Bxd7+ Qxd7 5.O-O Nc6 6.c3 Nf6 7.d4 d5 8.e5 Ne4
9.Ne1 h6 10.f3 Ng5 11.dxc5 O-O-O 12.b4 e6 13.Na3 f6 14.Be3 d4 15.cxd4 fxe5
16.Nd3 exd4 17.Bf4 e5 18.Bxe5 Nxe5 19.Nxe5 Qd5 20.Nac4 Be7 21.Re1 Bf6 22.Qb3 Kb8
23.Nd6 Qxb3 24.axb3 Rhf8 25.Rad1 a6 26.Ng6 Rg8 27.Nf4 Rd7 28.Nd5 Bd8 29.Rxd4 Nf7
30.Nxf7 Rxf7 31.Rde4 Rd7 32.Re5 Rf8 33.f4 g6 34.g3 Kc8 35.Kg2 Rdf7 36.g4 Kd7
37.Re6 Rg7 38.Kg3 h5 39.g5 h4+ 40.Kg4 h3 41.Nf6+ Kc8 42.Ne8 Rgg8 43.Nd6+ Kb8
44.Re8  1-0

[Event "TCh-RUS"]
[Site "Togliatti RUS"]
[Date "2003.05.24"]
[Round "9"]
[White "Ulibin,M"]
[Black "Najer,E"]
[Result "1/2-1/2"]
[WhiteElo "2562"]
[BlackElo "2606"]

1.e4 c5 2.Nf3 d6 3.Bb5+ Bd7 4.Bxd7+ Qxd7 5.O-O Nc6 6.c3 Nf6 7.d4 Nxe4 8.d5 Ne5
9.Re1 Nxf3+ 10.Qxf3 Nf6 11.c4 e5 12.dxe6 fxe6 13.Bg5 Be7 14.Nc3 O-O 15.Qh3 h6
16.Bh4 g5 17.Rxe6 gxh4 18.Rxf6 Qxh3 19.Rxf8+ Rxf8 20.gxh3 Bf6 21.Rc1 Bxc3
22.Rxc3 Rf4 23.Rd3 Rxc4 24.Rxd6 Rb4 25.b3 a5 26.Rxh6 Kg7 27.Rd6 a4 28.bxa4 Rxa4
29.Rb6 Rxa2 30.Rxb7+ Kg6 31.Rc7 Rc2 32.Kg2 Rc3 33.Rc8  1/2-1/2

[Event "TCh-RUS"]
[Site "Togliatti RUS"]
[Date "2003.05.24"]
[Round "9"]
[White "Katkov,S"]
[Black "Askarov,M"]
[Result "0-1"]
[WhiteElo "2234"]
[BlackElo "2260"]

1.e4 c5 2.Nf3 d6 3.Bb5+ Bd7 4.Bxd7+ Nxd7 5.O-O Ngf6 6.Qe2 e6 7.c4 Ne5 8.b3 Be7
9.Bb2 Nxf3+ 10.Qxf3 O-O 11.d4 cxd4 12.Bxd4 a6 13.Qd3 b5 14.Nd2 Qd7 15.a4 b4
16.Rad1 e5 17.Bb2 Qc6 18.Rfe1 Nd7 19.Nf1 Nc5 20.Qc2 Bg5 21.Bc1 Bxc1 22.Rxc1 g6
23.f3 f5 24.exf5 gxf5 25.Ng3 Qc8 26.Rcd1 Rf6 27.Rd5 Qf8 28.Red1 a5 29.Ne2 Ra7
30.Nc1 e4 31.Qf2 Rg7 32.Kh1 Rfg6 33.Rg1 f4 34.fxe4 f3 35.Rf5 fxg2+ 36.Rxg2 Qe7
37.Rxg6 Rxg6 38.Rf4 Nxe4 39.Qf1 Nd2  0-1

[Event "TCh-NOR"]
[Site "Asker NOR"]
[Date "2003.05.30"]
[Round "3"]
[White "Royset,P"]
[Black "Lie,K"]
[Result "0-1"]
[WhiteElo "2252"]
[BlackElo "2430"]

1.e4 c5 2.Nf3 d6 3.Bb5+ Bd7 4.Bxd7+ Qxd7 5.O-O Nc6 6.c4 Nf6 7.Nc3 Nd4 8.d3 Nxf3+
9.Qxf3 g6 10.Re1 Ng4 11.Nd5 Bg7 12.Bg5 Ne5 13.Qd1 Nc6 14.Qa4 h6 15.Bd2 O-O
16.Bc3 e6 17.Bxg7 Kxg7 18.Nf4 a6 19.Qd1 Qe7 20.Rb1 b5 21.Re3 Kh7 22.Qd2 Rab8
23.Rh3 Qg5 24.Qe3 Nd4 25.Kf1 a5 26.Ne2 Qxe3 27.Rxe3 bxc4 28.dxc4 Rb4 29.Nxd4 cxd4
30.Ra3 Rxc4 31.Rxa5 Rfc8 32.b4 d3 33.Ke1 Rc2 34.Rd1 Re2+ 35.Kf1 Rcc2 36.Rxd3 Rxf2+
37.Ke1 Rxg2 38.Kd1 Rb2 39.Kc1 Rxb4 40.Rxd6 Rxe4  0-1

[Event "4th IECC"]
[Site "Istanbul TUR"]
[Date "2003.05.30"]
[Round "1"]
[White "Olcayoz,A"]
[Black "Izoria,Z"]
[Result "1/2-1/2"]
[WhiteElo "2310"]
[BlackElo "2569"]

1.e4 c5 2.Nf3 d6 3.Bb5+ Nd7 4.O-O Nf6 5.Re1 a6 6.Bf1 b6 7.c4 Bb7 8.Nc3 Ne5
9.d3 e6 10.b3 Be7 11.Bb2 Nfd7 12.Qe2 Bf6 13.Rab1 O-O 14.Nd1 b5 15.Ne3 Rb8
16.Nxe5 Bxe5 17.g3 Bxb2 18.Rxb2 Ne5 19.Rd1 Nc6 20.Nc2 d5 21.d4 dxe4 22.cxb5 Nxd4
23.Nxd4 cxd4 24.bxa6 Ba8 25.b4 e5 26.a4 f5 27.b5 f4 28.Qc4+ Kh8 29.Qc5 Qg5
30.b6 Rbc8 31.Qc6 Rcd8 32.Qc7 fxg3 33.hxg3 Bd5 34.Bg2 Rc8  1/2-1/2

[Event "4th IECC"]
[Site "Istanbul TUR"]
[Date "2003.06.01"]
[Round "3"]
[White "Iordachescu,V"]
[Black "Erdogan,H"]
[Result "1-0"]
[WhiteElo "2550"]
[BlackElo "2239"]

1.e4 c5 2.Nf3 d6 3.Bb5+ Bd7 4.Bxd7+ Qxd7 5.O-O Nc6 6.c3 Nf6 7.Qe2 g6 8.d4 cxd4
9.cxd4 Bg7 10.Nc3 O-O 11.Rd1 d5 12.e5 Nh5 13.h3 f5 14.b3 f4 15.Ba3 Rad8 16.Rac1 b6
17.Qb5 Rfe8 18.Qxd5+ Qxd5 19.Nxd5 Rxd5 20.Rxc6 Ra5 21.Bb4 Rxa2 22.d5 Bf8
23.Bc3 Rd8 24.d6 exd6 25.exd6 Rc2 26.d7 Be7 27.Bf6 Rxc6 28.Bxe7 Rc1 29.Rxc1 Rxd7
30.Rc8+ Kg7 31.Bb4 Rd1+ 32.Kh2 a5 33.Bc3+ Kf7 34.Rc6 Rc1 35.Ne5+  1-0

[Event "Master Open"]
[Site "Ploiesti ROM"]
[Date "2003.06.01"]
[Round "3"]
[White "Levay,S"]
[Black "Barbu,N"]
[Result "1-0"]
[WhiteElo "2296"]
[BlackElo "2230"]

1.e4 c5 2.Nf3 d6 3.Bb5+ Nc6 4.O-O Bd7 5.Re1 Nf6 6.c3 e6 7.d4 cxd4 8.cxd4 d5
9.e5 Ne4 10.Bd3 Bb4 11.Nbd2 Nxd2 12.Bxd2 Bxd2 13.Qxd2 Qb6 14.Qf4 h6 15.h4 Qxb2
16.Rab1 Qxa2 17.Rxb7 Rb8 18.Rxb8+ Nxb8 19.Qg4 O-O 20.Re3 Kh8 21.Ng5 Nc6 22.Rf3 Kg8
23.Bh7+ Kh8 24.Bg6 Qa1+ 25.Kh2 Qxd4 26.Nxf7+ Kg8 27.Nxh6+ gxh6 28.Be4+  1-0

[Event "IEWCC"]
[Site "Istanbul TUR"]
[Date "2003.06.03"]
[Round "2"]
[White "Djingarova,E"]
[Black "Cedikova,K"]
[Result "0-1"]
[WhiteElo "2310"]
[BlackElo "2181"]

1.e4 c5 2.Nf3 d6 3.Bb5+ Nd7 4.O-O Nf6 5.d4 cxd4 6.Qxd4 e5 7.Qd3 Be7 8.Bg5 O-O
9.Bxd7 Nxd7 10.Bxe7 Qxe7 11.Nc3 Nc5 12.Nd5 Qd8 13.Qe3 f5 14.exf5 Bxf5 15.b4 Ne6
16.c3 b6 17.Rfd1 Rc8 18.h3 Rc4 19.Nd2 Rh4 20.a4 Ng5 21.Nf1 Bxh3 22.Ng3 Bg4
23.Rd3 Ne6 24.a5 Rh6 25.axb6 axb6 26.f3 Qh4 27.Qe1 Qh2+ 28.Kf2 Rh3 29.Nf5 Bxf5
30.Ne7+ Kh8 31.Nxf5 Rxf5 32.Ra8+ Nf8 33.Qe4 Rg3 34.Rd1 Qxg2+ 35.Ke1 Rgxf3  0-1

[Event "IEWCC"]
[Site "Istanbul TUR"]
[Date "2003.06.03"]
[Round "2"]
[White "Sedina,E"]
[Black "Tkeshelashvili,S"]
[Result "1-0"]
[WhiteElo "2434"]
[BlackElo "2293"]

1.e4 c5 2.Nf3 d6 3.Bb5+ Bd7 4.Bxd7+ Qxd7 5.O-O Nc6 6.c3 Nf6 7.d4 Nxe4 8.d5 Ne5
9.Re1 Nf6 10.Nxe5 dxe5 11.Rxe5 e6 12.c4 O-O-O 13.Nc3 Bd6 14.Re1 exd5 15.Nxd5 Qf5
16.Be3 Kb8 17.Qa4 Ng4 18.h3 Ne5 19.Rad1 g5 20.b4 g4 21.bxc5 Nf3+ 22.Kf1 gxh3
23.cxd6 hxg2+ 24.Ke2 a6 25.Qa5 g1=N+ 26.Rxg1 Nxg1+ 27.Kd2 Nf3+ 28.Kc1 Rc8
29.Qc7+ Rxc7 30.dxc7+ Ka8 31.Nb6+ Ka7 32.Rd8 Qa5 33.Ra8+ Rxa8 34.Nc8+  1-0

[Event "4th IECC"]
[Site "Istanbul TUR"]
[Date "2003.06.03"]
[Round "5"]
[White "Glek,I"]
[Black "Pelletier,Y"]
[Result "1/2-1/2"]
[WhiteElo "2551"]
[BlackElo "2623"]

1.e4 c5 2.Nf3 d6 3.Bb5+ Bd7 4.Bxd7+ Nxd7 5.O-O Ngf6 6.Qe2 e6 7.d3 Be7 8.Ng5 O-O
9.f4 Ne8 10.Nc3 Nc7 11.Bd2 Bxg5 12.fxg5 f6 13.gxf6 Rxf6 14.Bf4 e5 15.Bg3 Rxf1+
16.Rxf1 Qe7 17.Nd1 Rf8 18.Ne3 Rxf1+ 19.Qxf1 Qf7  1/2-1/2

[Event "4th IECC"]
[Site "Istanbul TUR"]
[Date "2003.06.03"]
[Round "5"]
[White "Glek,I"]
[Black "Pelletier,Y"]
[Result "1/2-1/2"]
[WhiteElo "2551"]
[BlackElo "2623"]

1.e4 c5 2.Nf3 d6 3.Bb5+ Bd7 4.Bxd7+ Nxd7 5.O-O Ngf6 6.Qe2 e6 7.d3 Be7 8.Ng5 O-O
9.f4 Ne8 10.Nc3 Nc7 11.Bd2 Bxg5 12.fxg5 f6 13.gxf6 Rxf6 14.Bf4 e5 15.Bg3 Rxf1+
16.Rxf1 Qe7 17.Nd1 Rf8 18.Ne3 Rxf1+ 19.Qxf1 Qf7 20.Nf5 Qe6 21.a4 d5 22.Bh4 d4
23.Ne7+ Kh8 24.Qf5 g6 25.Qg5 Qf7 26.Bg3 Qg7 27.Nf5 Ne6 28.Nxg7 Nxg5 29.Ne8 Nf7
30.Nc7 Kg7 31.Nd5 Nd8 32.Kf1 Nc6 33.Ke2 Kf7 34.Be1 Nb6 35.Nxb6 axb6 36.Bd2 Ke6
37.Bg5 Kd6 38.Kd1 Na7 39.Bd8 b5 40.axb5 Nxb5 41.Kc1 Kd7 42.Bb6 Kc6 43.Bd8 Na7
44.Bf6 Kd6 45.Bg7 b6 46.Bf8+ Ke6 47.b4 cxb4 48.Bxb4 Nc6 49.Bd2 Kf6 50.Kb2 b5
51.Kb3 g5 52.Kb2 g4 53.Kc1 h5 54.Kd1 Kg6 55.Ke2 h4 56.h3 Kh5 57.Kf2 Nd8 58.Bb4 Nc6
59.Bd2  1/2-1/2

[Event "17th Open"]
[Site "Pula CRO"]
[Date "2003.06.03"]
[Round "4"]
[White "Neulinger,M"]
[Black "Stanojoski,Z"]
[Result "0-1"]
[WhiteElo "2384"]
[BlackElo "2497"]

1.e4 c5 2.Nf3 d6 3.Bb5+ Bd7 4.Bxd7+ Qxd7 5.O-O g6 6.c3 Nf6 7.Re1 Bg7 8.d4 O-O
9.Bg5 cxd4 10.cxd4 h6 11.Bxf6 Bxf6 12.Nc3 Nc6 13.Qd2 Kh7 14.Rad1 Bg7 15.Qe3 Rac8
16.h3 Na5 17.b3 e6 18.Rc1 b5 19.Ne2 Nc6 20.Nf4 Ne7 21.Nd3 a5 22.Rxc8 Rxc8
23.Rc1 Kg8 24.Kf1 Qb7 25.Ke2 Ra8 26.Rc2 a4 27.Nb4 axb3 28.axb3 Ra1 29.Qd3 Bf8
30.d5 e5 31.Qc3 Rb1 32.Rc1 Rxc1 33.Qxc1 f5 34.Nd2 fxe4 35.Nxe4 Nf5 36.Nc6 Qa6
37.Qc2 Qa1 38.Qd1 Qb2+ 39.Kf1 h5 40.g3 Kg7 41.Qd3 Qc1+ 42.Kg2 Qe1 43.Ng5 b4
44.Qe4 Qd1 45.Nf3 Qxb3 46.Nxb4 Be7 47.g4 hxg4 48.hxg4 Nh4+ 49.Nxh4 Bxh4 50.Nd3 Qc2
51.Kf1 Bd8 52.Kg2 Bb6 53.Kf3 Kh6 54.Kg3 Qd1 55.Kg2 Kg5 56.f4+ Kh4 57.fxe5 Qg1+
58.Kf3 Qf1+  0-1

[Event "IEWCC"]
[Site "Istanbul TUR"]
[Date "2003.06.04"]
[Round "3"]
[White "Mar,K"]
[Black "Jiretorn,E"]
[Result "1-0"]
[WhiteElo "2236"]
[BlackElo "2106"]

1.e4 c5 2.Nf3 d6 3.Bb5+ Nd7 4.c3 Nf6 5.Qe2 a6 6.Ba4 g6 7.O-O Bg7 8.d4 O-O
9.Rd1 b6 10.e5 Ne8 11.e6 fxe6 12.Qxe6+ Kh8 13.Qe4 Ra7 14.Qh4 Ndf6 15.dxc5 bxc5
16.Ne5 Bf5 17.Nc6 Qb6 18.Nxa7 Qxa7 19.Nd2 Ng4 20.Nf3 Ne5 21.Nxe5 Bxe5 22.Bxe8 Rxe8
23.Bf4 Bf6 24.Bg5 Be5 25.Re1 Qb7 26.Re2 Bd3 27.Rd2 c4 28.Re1 Rf8 29.Qg4 Qc7
30.Qe6 Rb8 31.Qf7 Qc8 32.Bxe7 Qf5 33.Qxf5 gxf5 34.g3 Kg7 35.f4 Bf6 36.Bxd6 Rb6
37.Be5 Kf7 38.Bxf6 Kxf6 39.Re8 a5 40.Ra8 Rb5 41.Ra6+ Kg7 42.b3 Be4 43.Rd7+ Kg8
44.Raa7 cxb3 45.Rd8+  1-0

[Event "IEWCC"]
[Site "Istanbul TUR"]
[Date "2003.06.04"]
[Round "3"]
[White "Kovalevskaya,E"]
[Black "Dzagnidze,N"]
[Result "1/2-1/2"]
[WhiteElo "2447"]
[BlackElo "2376"]

1.e4 c5 2.Nf3 d6 3.Bb5+ Nd7 4.O-O Nf6 5.d4 cxd4 6.Qxd4 a6 7.Bxd7+ Bxd7 8.Bg5 e6
9.Nc3 Bc6 10.Rad1 Be7 11.Qe3 Qc7 12.Nd4 O-O 13.Nxc6 bxc6 14.Qg3 Rad8 15.Rd3 Rd7
16.Qh4 Rb8 17.b3 Ne8 18.Bxe7 Rxe7 19.Rh3 h6 20.Ne2 Rd7 21.Nf4 Nf6 22.Nd3 Qa5
23.Qf4 Qxa2 24.e5 Ne8 25.Qc4 Qa5 26.Qxc6 Rc7 27.Qe4 Rxc2 28.Qf4 dxe5 29.Nxe5 Qc7
30.Qe3 Nd6 31.Qf3 Rc5 32.Ng4 a5 33.Qd1 Nf5 34.Rd3 Qb6 35.Ne3 Nxe3 36.Rxe3 Rb5
37.Qa1 Qa7 38.Qa3 Qc5 39.Qxc5 Rxc5 40.g3 Rb4 41.Rd1 Kf8 42.Rd7 g6 43.Ra7 Rcb5
44.Kg2 Rxb3 45.Rxb3 Rxb3 46.Rxa5 g5 47.Ra4 Kg7 48.h4 Kg6 49.hxg5 hxg5 50.Ra5 g4
51.Ra8 Kf5 52.Ra5+ e5 53.Ra7 f6 54.Rg7 Rb8 55.Ra7 Kg6 56.Re7 Rb5 57.Re8 f5
58.Rf8 Rb2 59.Kf1 Rb1+ 60.Ke2 Rb7 61.Ke3 Rb2 62.Rg8+ Kf7 63.Rg5 Ke6 64.Rh5 Rb3+
65.Ke2  1/2-1/2

[Event "IEWCC"]
[Site "Istanbul TUR"]
[Date "2003.06.04"]
[Round "3"]
[White "Ionescu Brandis,I"]
[Black "Kadziolka,B"]
[Result "1/2-1/2"]
[WhiteElo "2366"]
[BlackElo "2206"]

1.e4 c5 2.Nf3 d6 3.Bb5+ Nc6 4.Bxc6+ bxc6 5.O-O e5 6.c3 f5 7.exf5 Bxf5 8.d4 cxd4
9.cxd4 e4 10.Nfd2 d5 11.f3 e3 12.Re1 Bd6 13.Nf1 Ne7 14.Nc3 O-O 15.Bxe3 Ng6
16.Qd2 h6 17.Rac1 Qf6 18.Ng3 Bd7 19.Rc2 Nh4 20.Rf1 Qg6 21.Nce2 Rae8 22.Rcc1 Bh3
23.gxh3 Nxf3+ 24.Rxf3 Rxf3 25.Bf2 Ref8 26.Rf1 h5 27.h4 Qg4 28.Qg5 Qxg5 29.hxg5 h4
30.Nh1 R3f5 31.Rc1 Rxg5+ 32.Kf1 Bxh2 33.Ke1 Re8 34.Kf1 Rf8 35.Ke1 Rgf5 36.Rxc6 g5
37.Nc1 Bg1 38.Nd3 Bxf2+ 39.Nhxf2 R8f6 40.Rc8+ Kg7 41.Ng4 Re6+ 42.Nde5 Rf4
43.Rc7+ Kf8 44.Kd2 Rxd4+ 45.Kc3 Rf4 46.Rxa7 Rf1 47.b4 h3 48.Rh7 Rh1 49.Kd4 Ra6
50.Nf6 Rxf6 51.Nd7+ Ke8 52.Nxf6+ Kd8 53.Rh8+ Kc7 54.Nxd5+ Kb7 55.Kc5 h2 56.Kd6 g4
57.Rh7+ Kb8 58.Rh8+ Kb7  1/2-1/2

[Event "4th IECC"]
[Site "Istanbul TUR"]
[Date "2003.06.05"]
[Round "6"]
[White "Akcan,U"]
[Black "Dzhakaev,D"]
[Result "0-1"]
[WhiteElo "2167"]
[BlackElo "2465"]

1.e4 c5 2.Nf3 d6 3.Bb5+ Nd7 4.O-O Nf6 5.Re1 a6 6.Bf1 b6 7.c4 Bb7 8.Nc3 e6
9.d4 cxd4 10.Qxd4 h6 11.b3 Be7 12.Ba3 Nc5 13.Rad1 O-O 14.Bxc5 bxc5 15.Qe3 Qa5
16.h3 Nd7 17.Qd2 Kh8 18.Ne2 Qc7 19.Nf4 Nf6 20.e5 dxe5 21.Nxe5 Kg8 22.Qe3 Bd6
23.Nfd3 Ne4 24.Nf3 f5 25.Qc1 Rae8 26.Nd2 Bh2+ 27.Kh1 Bf4 28.Nxf4 Nxf2+ 29.Kg1 Qxf4
30.Nf3 Qg3  0-1

[Event "4th IECC"]
[Site "Istanbul TUR"]
[Date "2003.06.06"]
[Round "7"]
[White "Georgiev,Kr"]
[Black "Erdogdu,M"]
[Result "0-1"]
[WhiteElo "2516"]
[BlackElo "2303"]

1.e4 c5 2.Nf3 d6 3.Bb5+ Bd7 4.Bxd7+ Qxd7 5.O-O Nf6 6.e5 dxe5 7.Nxe5 Qc8 8.b3 g6
9.Re1 Bg7 10.Nc3 O-O 11.Qf3 Na6 12.Bb2 Nc7 13.a4 Ne6 14.a5 Nd4 15.Qd1 Qf5
16.d3 Rad8 17.Nc4 Rfe8 18.Rb1 h5 19.Re5 Qc8 20.Ba3 Ng4 21.Rxc5 Qb8 22.g3 Ne6
23.Ne4 f5 24.Ned2 Bd4 25.Rb5 Bxf2+ 26.Kh1 Nd4  0-1

[Event "4th IECC"]
[Site "Istanbul TUR"]
[Date "2003.06.06"]
[Round "7"]
[White "Nevednichy,V"]
[Black "Nikolaidis,I"]
[Result "1-0"]
[WhiteElo "2569"]
[BlackElo "2498"]

1.e4 c5 2.Nf3 d6 3.Bb5+ Bd7 4.Bxd7+ Qxd7 5.O-O Nf6 6.e5 dxe5 7.Nxe5 Qc8 8.Qf3 Nbd7
9.Nc4 e6 10.Nc3 Be7 11.d3 O-O 12.Bf4 Nb6 13.Nd6 Bxd6 14.Bxd6 Re8 15.Rfe1 Nbd5
16.Ne4 Nxe4 17.dxe4 Nb4 18.Re2 Qc6 19.Qg3 f6 20.c3 Na6 21.e5 f5 22.Rd1 Rad8
23.Red2 Rd7 24.h4 Red8 25.h5 Nc7 26.h6 g6 27.Qg5 Ne8 28.Bxc5  1-0

[Event "IEWCC"]
[Site "Istanbul TUR"]
[Date "2003.06.07"]
[Round "5"]
[White "Koskela,N"]
[Black "Papadopoulou,V"]
[Result "0-1"]
[WhiteElo "2312"]
[BlackElo "2230"]

1.e4 c5 2.Nf3 d6 3.Bb5+ Bd7 4.Bxd7+ Qxd7 5.O-O Nc6 6.c3 Nf6 7.Qe2 e6 8.d4 cxd4
9.cxd4 d5 10.e5 Ne4 11.Be3 f6 12.exf6 gxf6 13.a3 Rg8 14.Rc1 Qg7 15.Ne1 f5
16.f3 Nd6 17.Rd1 Be7 18.Bf2 Kf7 19.Nc3 Rac8 20.Qd3 Nc4 21.Rab1 Qg5 22.Ne2 f4
23.Kh1 Rg6 24.Ng1 Rcg8 25.Nh3 Qh6 26.Qe2 Bd6 27.Rd3 Ne7 28.b3 Nxa3 29.Rbd1 a6
30.R3d2 Nb5 31.Rc2 Nf5 32.Rd3 Bb4 33.Qe5 Bd6 34.Qe2 Bb4 35.Qe5 Bxe1 36.Nxf4 Bxf2
37.Rxf2 Rg5 38.Qe1 Nfxd4 39.Rfd2 Nc6 40.Qf2 Qf6 41.g3 d4 42.Re2 Re5 43.Rxe5 Qxe5
44.Nh3 Nb4 45.Rd2 d3 46.Nf4 Rd8 47.Kg2 Qd4 48.Qe1 e5 49.Nh3 h6 50.Nf2 Rc8
51.Ng4 Ke6 52.Nf2 Rc2  0-1

[Event "4th IECC"]
[Site "Istanbul TUR"]
[Date "2003.06.07"]
[Round "8"]
[White "Delchev,A"]
[Black "Ivanchuk,V"]
[Result "1/2-1/2"]
[WhiteElo "2577"]
[BlackElo "2704"]

1.e4 c5 2.Nf3 d6 3.Bb5+ Bd7 4.Bxd7+ Qxd7 5.c4 Nf6 6.Nc3 g6 7.O-O Bg7 8.d4 cxd4
9.Nxd4 O-O 10.f3 Rc8 11.b3 d5 12.exd5 Nxd5 13.Nxd5 e6 14.Be3 exd5 15.cxd5 Na6
16.Rc1 Rxc1 17.Qxc1 Nb4 18.Qd2 Nxd5 19.Ne2 Qe7  1/2-1/2

[Event "4th IECC"]
[Site "Istanbul TUR"]
[Date "2003.06.07"]
[Round "8"]
[White "Vokarev,S"]
[Black "Naiditsch,A"]
[Result "0-1"]
[WhiteElo "2498"]
[BlackElo "2588"]

1.e4 c5 2.Nf3 d6 3.Bb5+ Bd7 4.Bxd7+ Qxd7 5.c4 Nc6 6.Nc3 Nf6 7.d4 cxd4 8.Nxd4 g6
9.f3 Bg7 10.Nde2 O-O 11.O-O a6 12.a4 e6 13.Bg5 Rfd8 14.f4 h6 15.Bh4 Qc7 16.Kh1 Qa5
17.f5 g5 18.Be1 Qc5 19.fxe6 fxe6 20.Ng3 Ne5 21.h3 Qxc4 22.Rc1 Rac8 23.Nge2 Qd3
24.Qb3 Re8 25.Rd1 Qc4 26.Qxb7 Rb8 27.Qa7 Rxb2 28.Rxd6 Rxe2 29.Nxe2 Qxe2 30.Qxa6 Nc4
31.Rg1 Qxe4  0-1

[Event "4th IECC"]
[Site "Istanbul TUR"]
[Date "2003.06.07"]
[Round "8"]
[White "Vokarev,S"]
[Black "Naiditsch,A"]
[Result "0-1"]
[WhiteElo "2498"]
[BlackElo "2588"]

1.e4 c5 2.Nf3 d6 3.Bb5+ Bd7 4.Bxd7+ Qxd7 5.c4 Nc6 6.Nc3 Nf6 7.d4 cxd4 8.Nxd4 g6
9.f3 Bg7 10.Nde2 O-O 11.O-O a6 12.a4 e6 13.Bg5 Rfd8 14.f4 h6 15.Bh4 Qc7 16.Kh1 Qa5
17.f5 g5 18.Be1 Qc5 19.fxe6 fxe6 20.Ng3 Ne5 21.h3 Qxc4 22.Rc1 Rac8 23.Nge2 Qd3
24.Qb3 Re8 25.Rd1 Qc4 26.Qxb7 Rb8 27.Qa7 Rxb2 28.Rxd6 Rxe2 29.Nxe2 Qxe2 30.Qxa6 Nc4
31.Rg1 Qxe4 32.Rc6 Ne3 33.Bf2 Nh5 34.Rc8 Rxc8 35.Qxc8+ Kh7 36.Bxe3 Ng3+ 37.Kh2 Qxe3
38.Qc2+ Nf5 39.Rd1 Be5+ 40.Kh1 Kg7 41.Rd7+ Kf6 42.Qb1 Ng3+ 43.Kh2 Ne4+ 44.Kh1 Nf2+  0-1

[Event "3rd Zurich Lake Plaza Open"]
[Site "Pfaeffikon SUI"]
[Date "2003.06.07"]
[Round "4"]
[White "Videki,S"]
[Black "Mikavica,M"]
[Result "1-0"]
[WhiteElo "2424"]
[BlackElo "2257"]

1.e4 c5 2.Nf3 d6 3.Bb5+ Bd7 4.Bxd7+ Qxd7 5.O-O e6 6.c4 e5 7.Nc3 Nf6 8.d3 Be7
9.Ne1 Nc6 10.Nc2 O-O 11.a3 a5 12.b3 Kh8 13.Ne3 Nd4 14.Ned5 Nxd5 15.Nxd5 Rae8
16.Bd2 Bd8 17.b4 b6 18.bxa5 bxa5 19.Rb1 f5 20.f3 fxe4 21.dxe4 Qc6 22.Be3 Bc7
23.Rf2 Rb8 24.Rfb2 Rxb2 25.Rxb2 Rb8 26.Rxb8+ Bxb8 27.Qb1 Bc7 28.Bxd4 exd4
29.Qb5 Qxb5 30.cxb5 c4 31.Kf1 c3 32.Ke2 Bb8 33.b6 h5 34.Kd3 g5 35.Ne7 d5
36.e5 Kg7 37.Nc6  1-0

[Event "IEWCC"]
[Site "Istanbul TUR"]
[Date "2003.06.08"]
[Round "6"]
[White "Zimina,O"]
[Black "Sebag,M"]
[Result "1/2-1/2"]
[WhiteElo "2358"]
[BlackElo "2394"]

1.e4 c5 2.Nf3 d6 3.Bb5+ Nc6 4.O-O Bd7 5.Re1 e5 6.c3 Nf6 7.d4 Qc7 8.dxc5 dxc5
9.Bg5 Be7 10.Nbd2 O-O 11.Nc4 Be6 12.Bxf6 Bxf6 13.Ne3 Ne7 14.Qe2 g6 15.Bc4 Bd7
16.Rad1 Rad8 17.h3 a6 18.Nh2 b5 19.Nd5 Nxd5 20.Bxd5 c4 21.Qe3 Kg7 22.Ng4 Bxg4
23.hxg4 h6 24.b3 Bg5 25.Qf3 cxb3 26.axb3 a5 27.Re2 Rh8 28.Ra1 h5 29.Rea2 hxg4
30.Qxg4 Rh5 31.Qf3 Rdh8 32.g3 Rh1+ 33.Qxh1 Rxh1+ 34.Kxh1 Qxc3 35.Rxa5 Qf3+
36.Kg1 Be3 37.fxe3 Qxg3+  1/2-1/2

[Event "4th IECC"]
[Site "Istanbul TUR"]
[Date "2003.06.08"]
[Round "9"]
[White "Sanduleac,V"]
[Black "Ruck,R"]
[Result "1-0"]
[WhiteElo "2492"]
[BlackElo "2569"]

1.e4 c5 2.Nf3 d6 3.Bb5+ Nd7 4.O-O Nf6 5.Re1 a6 6.Bf1 b6 7.c4 Bb7 8.Nc3 e6
9.d4 cxd4 10.Nxd4 Be7 11.b3 O-O 12.Bb2 Rc8 13.Rc1 Nc5 14.f3 Re8 15.Rc2 Qc7
16.Rd2 Qb8 17.Nc2 Bc6 18.Kh1 Qa8 19.Ne3 Rb8 20.b4 Ncd7 21.a3 Rbc8 22.b5 Bb7
23.bxa6 Bxa6 24.Nb5 Bxb5 25.cxb5 Red8 26.Nc4 d5 27.Bxf6 Bxf6 28.exd5 Bc3
29.dxe6 Bxd2 30.exf7+ Kxf7 31.Qxd2 Nf6 32.Ne5+ Kf8 33.Qb4+ Rc5 34.Nd3 Nd5
35.Qh4 Rcc8 36.Qxh7 Nf6 37.Qh8+ Ng8 38.Ne5 Qxa3 39.Qh5 Nh6 40.Ng6+ Kg8 41.Ne7+ Kh8
42.Nxc8 Rxc8 43.Qg6 Qc3 44.Rd1 Qe3 45.Bd3 Kg8 46.Qh7+ Kf7 47.Qe4 Rc1 48.Qxe3 Rxd1+
49.Qg1 Rxd3 50.h3 Rd6 51.Qb1 Kf6 52.Qb2+ Kf7 53.Qc2 Re6 54.Kh2 Ng8 55.g4 Ne7
56.h4 Nd5 57.Qf5+  1-0

[Event "3rd Zurich Lake Plaza Open"]
[Site "Pfaeffikon SUI"]
[Date "2003.06.08"]
[Round "6"]
[White "Videki,S"]
[Black "Likavsky,T"]
[Result "0-1"]
[WhiteElo "2424"]
[BlackElo "2453"]

1.e4 c5 2.Nf3 d6 3.Bb5+ Nd7 4.d4 cxd4 5.Qxd4 a6 6.Bxd7+ Bxd7 7.Bg5 h6 8.Bh4 Qa5+
9.Nc3 e5 10.Qd3 Rc8 11.O-O g5 12.Bg3 Nf6 13.Rfd1 Be7 14.Nd2 Be6 15.Nf1 h5
16.h3 h4 17.Bh2 g4 18.hxg4 Nxg4 19.Ne3 Nxe3 20.Qxe3 Qc5 21.Qe1 Rg8 22.Rd3 Qc6
23.Kh1 f5 24.f3 f4 25.Rd2 Kf7 26.Nd5 Bxd5 27.exd5 Qd7 28.Qe4 Rg6 29.c4 b5
30.b3 Bd8 31.Rc2 Bb6 32.Re1 h3 33.Ree2 Rcg8 34.cxb5 axb5 35.Qd3 hxg2+ 36.Rxg2 Qh3
37.Qf1 Qxh2+  0-1

[Event "Golden Cleopatra"]
[Site "Cairo EGY"]
[Date "2003.06.10"]
[Round "9"]
[White "Abdelnabbi,I"]
[Black "Frhat,A"]
[Result "1-0"]
[WhiteElo "2446"]
[BlackElo "2350"]

1.e4 c5 2.Nf3 d6 3.Bb5+ Nc6 4.O-O Bd7 5.Re1 Nf6 6.c3 a6 7.Bf1 Bg4 8.h3 Bh5
9.d3 e6 10.Nbd2 Be7 11.a3 O-O 12.Be2 Qc7 13.Nf1 c4 14.Ng3 Bxf3 15.Bxf3 cxd3
16.Qxd3 Ne5 17.Qd1 Rad8 18.Be2 d5 19.exd5 Rxd5 20.Qc2 Rfd8 21.Bf4 Bd6 22.Ne4 Nxe4
23.Qxe4 Ng6 24.c4 Rf5 25.Bxd6 Rxd6 26.Rad1 Re5 27.Qc2 Nf4 28.Rxd6 Nxe2+ 29.Rxe2 Qxd6
30.Qd2 Qxd2 31.Rxd2 g5 32.b4 a5 33.Rd8+ Kg7 34.Rb8 Re1+ 35.Kh2 Ra1 36.Rxb7 Rxa3
37.b5 Rc3 38.Rc7 a4 39.b6 a3 40.Rc5 a2 41.Rxg5+ Kf6 42.Ra5 Rxc4 43.Rxa2 Rb4
44.Ra6 h5 45.g3 Kf5 46.Kg2 Rb3 47.Ra7 Rxb6 48.Rxf7+ Kg6 49.Rf8 Rb3 50.Rg8+ Kf6
51.Rf8+ Kg7 52.Rf3 Rb5 53.Rc3 Rf5 54.Rc4 Kg6 55.Re4 Kf6 56.Rf4 Rxf4 57.gxf4 Kf5
58.Kf3 e5 59.fxe5 Kxe5 60.Ke3 Kf5 61.f3 Ke5 62.f4+ Kf5 63.Kf3 Ke6 64.Ke4 Kf6
65.f5 Ke7 66.Ke5 Kf7 67.f6 Kf8  1-0